|
|
|
|
| LEADER |
01060nam a2200277 a 4500 |
| 001 |
2859931 |
| 008 |
090726s1999 enka b 000 1 eng d |
| 010 |
|
|
|a 85015587
|
| 020 |
|
|
|a 0140436111
|
| 040 |
|
|
|a DLC
|c DLC
|d DLC
|
| 082 |
0 |
0 |
|a 823/.8
|2 19
|
| 100 |
1 |
|
|a Dickens, Charles,
|d 1812-1870.
|
| 240 |
1 |
0 |
|a The Pickwick papers
|
| 245 |
1 |
4 |
|a The Posthumous papers of the Pickwick club /
|c Charles Dickens ; edited with an introduction and notes by Mark Wormald.
|
| 260 |
|
|
|a London :
|b Penguin Books,
|c 1999.
|
| 300 |
|
|
|a xxxv, 800 p. :
|b ill. ;
|c 20 cm.
|
| 490 |
1 |
|
|a The Clarendon Dickens
|
| 504 |
|
|
|a Includes bibliographical references.
|
| 541 |
1 |
|
|e 00012023
|
| 651 |
|
0 |
|a England
|x Fiction.
|
| 650 |
0 |
0 |
|a Men
|x Societies and clubs
|x Fiction.
|
| 655 |
|
7 |
|a Humorous stories.
|2 gsafd
|
| 700 |
1 |
|
|a Wormald, Mark.
|
| 852 |
4 |
|
|a Ayesha Abed Library
|j General shelf
|
| 999 |
|
|
|c 2875
|d 2875
|
| 952 |
|
|
|0 0
|1 0
|2 ddc
|4 0
|6 823_800000000000000_DIC
|7 0
|9 8982
|a BRACUL
|b BRACUL
|c GEN
|d 2010-04-05
|g 829.00
|l 8
|m 19
|o 823.8 DIC
|p 3010012023
|r 2024-12-04
|s 2024-10-30
|t 1
|w 2010-04-05
|y BK
|x $9.95
|